Globalisation, industrial restructuring and labour standards : (Record no. 126546)
[ view plain ]
| 000 -LEADER | |
|---|---|
| fixed length control field | 00772nam a22002297a 4500 |
| 005 - DATE AND TIME OF LATEST TRANSACTION | |
| control field | 20170124110011.0 |
| 010 ## - LIBRARY OF CONGRESS CONTROL NUMBER | |
| LC control number | B-167002 |
| 020 ## - INTERNATIONAL STANDARD BOOK NUMBER | |
| Terms of availability | 650.00 |
| International Standard Book Number | 9780761933557 |
| 035 ## - SYSTEM CONTROL NUMBER | |
| System control number | B-167002 |
| 037 ## - SOURCE OF ACQUISITION | |
| Source of stock number/acquisition | Cen Lib/Ret |
| 040 ## - CATALOGING SOURCE | |
| Original cataloging agency | DPL |
| Language of cataloging | EN |
| 082 ## - DEWEY DECIMAL CLASSIFICATION NUMBER | |
| Classification number | 331.20470954 |
| Item number | BAN |
| 100 ## - MAIN ENTRY--PERSONAL NAME | |
| Personal name | Banerjee, Debdas |
| 9 (RLIN) | 17802 |
| 245 ## - TITLE STATEMENT | |
| Title | Globalisation, industrial restructuring and labour standards : |
| Statement of responsibility, etc | by Debdas Banerjee |
| Remainder of title | where india meets the global / |
| 260 ## - PUBLICATION, DISTRIBUTION, ETC. (IMPRINT) | |
| Place of publication, distribution, etc | New Delhi |
| Name of publisher, distributor, etc | Sage Publications |
| Date of publication, distribution, etc | 2005 |
| 270 ## - ADDRESS | |
| City | New Delhi |
| Address | B-42, Panchsheel enclave |
| Postal code | 110017 |
| 300 ## - PHYSICAL DESCRIPTION | |
| Extent | 320p. |
| Dimensions | 21cm(Hb) |
| 500 ## - GENERAL NOTE | |
| General note | Includes index |
| 650 ## - SUBJECT ADDED ENTRY--TOPICAL TERM | |
| Topical term or geographic name as entry element | Industrialization--India |
| 9 (RLIN) | 73280 |
| 650 ## - SUBJECT ADDED ENTRY--TOPICAL TERM | |
| Topical term or geographic name as entry element | Economic condition--India |
| Geographic subdivision | |
| 9 (RLIN) | 73281 |
| 942 ## - ADDED ENTRY ELEMENTS (KOHA) | |
| Source of classification or shelving scheme | Dewey Decimal Classification |
| Koha item type | English Books |
| Classification part | 331.20470954 |
| Call number suffix | BAN |
| Withdrawn status | Lost status | Damaged status | Not for loan | Home library | Current library | Date acquired | Source of acquisition | Cost, normal purchase price | Total Checkouts | Full call number | Barcode | Date last seen | Copy number | Cost, replacement price | Price effective from | Koha item type |
|---|---|---|---|---|---|---|---|---|---|---|---|---|---|---|---|---|
| Central Library | Central Library | 25/06/2015 | Cen Lib/Ret | 650.00 | 331.20470954 BAN | B-167002 | 25/06/2015 | 1 | 650.00 | 25/06/2015 | English Books |
